Statistics for Historical Timeline of Albania

Click here to take the quiz!

General Stats

  • This quiz has been taken 417 times
  • The average score is 10 of 11

Answer Stats

YearHintAnswer% Correct
1272Kingdom of A______Kingdom of Albania
97%
1946People's Republic of A______People's Republic of Albania
97%
1914Principality of A______Principality of Albania
97%
27 BCR____ EmpireRoman Empire
94%
167 BCR____ RepublicRoman Republic
94%
1385O______ EmpireOttoman Empire
93%
700 BCAncient G_____Ancient Greece
91%
330B________ EmpireByzantine Empire
81%
1928A_______ KingdomAlbanian Kingdom
78%
1925A_______ RepublicAlbanian Republic
78%
837First B________ EmpireFirst Bulgarian Empire
53%

Score Distribution

Percentile by Number Answered

Percent of People with Each Score

Your Score History

You have not taken this quiz